| 000 | 00895nam a22002297a 4500 | ||
|---|---|---|---|
| 999 |
_c20845 _d20845 |
||
| 003 | AR-CdUCM | ||
| 008 | 190606b ||||| |||| 00| 0 spa d | ||
| 040 |
_aMUNICIPALIDAD PROVINCIAL DEL CUSCO _cBIBLIOTECA MUNICIPAL DEL CUSCO |
||
| 082 |
_a338 / _bG78 |
||
| 100 |
_aGraña, Alberto _943527 |
||
| 245 |
_aPan y fideos : _bTansnacionales y consumismo popular / |
||
| 260 |
_aLima : _bCEDAL, _c1981. |
||
| 300 |
_a52 páginas; _bIlustraciones, _c20 cm. |
||
| 440 |
_aAlimentación popular -- _n2 _943528 |
||
| 505 | _aContenido: Importancia del trigo en la alimentación popular -- Alza de precios y otros problemas frente al consumo de pan y fideos -- El precio internacional del trigo y su manipulación imperialista... | ||
| 650 |
_aGobierno _93169 |
||
| 650 |
_aEstado _9738 |
||
| 650 |
_aImperialista _92678 |
||
| 650 |
_aCapitalismo _93221 |
||
| 942 |
_2ddc _cLIBROS |
||
| 945 | _aJavier | ||